000 00588nam a2200193Ia 4500
005 20250326141139.0
008 250326s9999 xx 000 0 und d
020 _a1-55786-948-0
037 _aTextbook
040 _aFMSL
_beng
_cFMSL
041 _aeng
_2eng
084 _aD658(B)k N7
_qFMSL
100 _aDavis G B
245 0 _aBlackwell encyclopedia dictionary of management information system
_cDavis G B
260 _aCambridge Oxford
_bCambridge Oxford, Blackwell Publications
_c1997
300 _a271p
942 _cTB
_hD658(B)k N7
999 _c1288922
_d1288922